Derecho Penal Juvenil Costarricense (Registro nro. 9849)

Detalles MARC
000 -Cabecera
Campo de control de longitud fija 00749aam a2200265 4500
005 - Fecha y hora de la última transacción
Campo de control 20260324185222.0
008 - Elementos de longitud fija--Información general
Campo de control de longitud fija 150603b2017 xxu||||| |||| 00| 0 spa d
020 ## - International Standard Book Number
Número Internacional Estándar del Libro (ISBN) 9789977136523
041 ## - Idioma
Código de idioma Español
082 ## - Clasificación Decimal Dewey
Número de clasificación 364.36 C198d
100 ## - Entrada principal--Autor personal
Nombre personal Campos Zúñiga, Mayra
9 (RLIN) 44179
245 ## - Título propiamente dicho
Título Derecho Penal Juvenil Costarricense
260 ## - Pie de imprenta
Lugar de publicación, distribución, etc. Costa Rica
260 ## - Pie de imprenta
Nombre del editor, distribuidor, etc. Investigaciones Jurídicas
260 ## - Pie de imprenta
Fecha de publicación, distribución, etc. 2017
300 ## - Descripción física
Extensión 437 páginas
490 ## - Serie
Título de la Serie Investigación Criminal
650 ## - Materia general
Temática (materia general) DERECHO PENAL DE MENORES
650 ## - Materia general
Temática (materia general) DELINCUENCIA JUVENIL
650 ## - Materia general
Temática (materia general) LEY DE JUSTICIA PENAL JUVENIL
650 ## - Materia general
Temática (materia general) PROCEDIMIENTO PENAL JUVENIL
650 ## - Materia general
Temática (materia general) LEGISLACIÓN
650 ## - Materia general
Temática (materia general) ADMINISTRACIÓN DE JUSTICIA DE MENORES
942 ## - Punto de acceso adicional KOHA
Tipo de ítem KOHA Libro
Fuente del sistema de clasificación o colocación Dewey Decimal Classification
Existencias
Signatura completa Código de barras Programa Académico Tipo de ítem
364.36 C198d 22662 Investigación Criminal Libro
364.36 C198d 22663 Investigación Criminal Libro
364.36 C198d 22664 Investigación Criminal Libro
364.36 C198d 22665 Investigación Criminal Libro